| 000 | 00384nam a2200145 a 4500 | ||
|---|---|---|---|
| 001 | 1036 | ||
| 003 | CDMR | ||
| 005 | 20130424111202.0 | ||
| 008 | 130130s1974||||||||||||||||||||||||||||d | ||
| 040 |
_aCDMR _bcat _cCDMR |
||
| 100 | 1 |
_9817 _aCarol Pañella, Màrius |
|
| 245 | 1 | 3 |
_aEl periodista sujeto de la información... _cMario Carol Pañella |
| 260 |
_aBarcelona _c1974 |
||
| 942 |
_cTSN _2udc |
||
| 999 |
_c1036 _d1036 |
||